000 00314nam a2200133Ia 4500
008 191201s2005 xx 000 0 und d
082 _a658.3
_bICC
100 _aICFAI
245 0 _aCase Studies in Human Resource Management
260 _aN.Delhi
_bICFAI
_c2005
300 _a321
650 _aMBA
942 _2ddc
_cBK
999 _c3325
_d3325